00437nam a2200169Ia 4500003000400000005001700004008004100021020001800062050002500080100002200105245005100127260003500178300003300213440000600246521000700252526000800259OSt20140313100948.0140130s9999 xx 000 0 und d a9780590484190 aPZ 7b.B7633Clf 1994 aBridwell, Norman  cNorman Bridwell.aClifford the Firehouse Dog / bScholastic,c1994.aNew York : a28 p. :bcol. ill. ;c19 cm. v1 aG2 c420